The mathematics of games and gambling /
Guardado en:
| Autor Principal: | |
|---|---|
| Formato: | Libro |
| Idioma: | English |
| Publicado: |
Washington :
Mathematical Association of America,
c1981.
|
| Series: | New mathematical library ;
28 |
| Materias: | |
| Acceso en línea: | Publisher description |
| Etiquetas: |
Agregar Etiqueta
Sin Etiquetas, Sea el primero en etiquetar este registro!
|
| LEADER | 01083cam a2200229 a 4500 | ||
|---|---|---|---|
| 001 | MAT.inmabb003714 | ||
| 008 | 811202s1981####dcua#####b####001#0#eng## | ||
| 005 | 20130313153808.0 | ||
| 245 | 1 | 4 | |a The mathematics of games and gambling / |c by Edward W. Packel. |
| 260 | |a Washington : |b Mathematical Association of America, |c c1981. | ||
| 300 | |a x, 141 p. : |b il. ; |c 23 cm. | ||
| 440 | 0 | |a New mathematical library ; |v 28 | |
| 504 | |a Bibliografía: p. [136]-137. | ||
| 505 | 0 | |a 1. The phenomenon of gambling -- 2. Finite probabilities and great expectations -- 3. Backgammon and other dice diversions -- 4. Permutations, combinations, and applications -- 5. Play it again, Sam: the binomial distribution -- 6. Elementary game theory -- 7. Odds and ends. | |
| 020 | |a 088385628X (pbk.) | ||
| 100 | 1 | |a Packel, Edward W. | |
| 650 | 0 | |a Games of chance (Mathematics) | |
| 084 | |a 91A60 (60-01 91-01) |2 msc2000 | ||
| 010 | |a 80085037 | ||
| 040 | |a DLC |c DLC |d DLC | ||
| 856 | 4 | 2 | |3 Publisher description |u http://www.loc.gov/catdir/description/cam022/80085037.html |
| 859 | |h 91 |i P119 |p A-5756 |b BIB. MATEMATICA | ||
